|
|
|
|
| LEADER |
00000nam0a2200000 4500 |
| 001 |
101153 |
| 005 |
20231031112534.0 |
| 010 |
|
|
|a 5235028554
|b (в пер.)
|b 5000 экз.
|
| 021 |
|
|
|a RU
|b 05-59460
|9 05-2915
|
| 035 |
|
|
|a (RuTPU)RU\TPU\book\108932
|
| 090 |
|
|
|a 101153
|
| 100 |
|
|
|a 20060901d2005 m u0rusy5002 ca
|
| 101 |
0 |
|
|a rus
|
| 102 |
|
|
|a RU
|
| 105 |
|
|
|a c z 000zb
|
| 200 |
1 |
|
|a Короткое счастье на всю жизнь
|f И. К. Высоцкая
|
| 210 |
|
|
|a Москва
|c Молодая гвардия
|d 2005
|
| 215 |
|
|
|a 182 с.
|c портр.
|d 18 см.
|
| 225 |
1 |
|
|a Библиотека мемуаров. Близкое прошлое
|i Малая серия
|v вып. 1
|
| 330 |
|
|
|a У Владимира Высоцкого было три жены. Людмила Абрамова, актриса, мать двоих детей (Аркадия и Никиты) великого артиста и поэта, живет в Москве. Марина Влади, тоже актриса, живет в Париже. А третья... Она же первая и единственная с его фамилией, неизвестна почти никому. Иза Высоцкая — в девичестве Иза Константиновна Мешкова — окончила Школу-студию МХАТ в 1958 году, старше Владимира Высоцкого на два курса. Работала актрисой в Киеве (театр имени Леси Украинки), в Перми, в Ростовс-на-Дону, во Владимире, в Лиепае. В настоящее время живет и работает в Нижнем Тагиле.
|
| 600 |
|
1 |
|a Высоцкий
|g Владимир Семенович
|b В. С.
|c русский поэт
|f 1938-1980
|c актер
|c автор и исполнитель песен
|2 stltpush
|3 (RuTPU)RU\TPU\pers\1409
|
| 610 |
1 |
|
|a актерское искусство
|
| 610 |
1 |
|
|a театр
|
| 610 |
1 |
|
|a актеры
|
| 610 |
1 |
|
|a 20 век
|
| 675 |
|
|
|a Р2
|v 3
|z rus
|
| 675 |
|
|
|a 792.071.2
|v 3
|z rus
|
| 700 |
|
1 |
|a Высоцкая
|b И. К.
|g Иза Константиновна
|4 070
|
| 801 |
|
0 |
|a RU
|b RKP
|c 20051017
|g PSBO
|
| 801 |
|
1 |
|a RU
|b 63413507
|c 20060901
|g PSBO
|
| 801 |
|
2 |
|a RU
|b 63413507
|c 20130125
|g PSBO
|
| 942 |
|
|
|c BK
|